Dracula (Remix) - Tame Impala and JENNIE (Full Lyrics) - Statistics

General Stats
  • This quiz has been taken 52 times
  • The average score is 191 of 290
Answer Stats
Answer % Correct
I
100%
The
100%
the
100%
a
97%
In
97%
in
97%
Dracula
95%
you
95%
You
95%
are
92%
me
92%
is
89%
it
89%
like
89%
where
87%
and
84%
it's
84%
It's
84%
just
84%
My
82%
my
82%
up
82%
car
79%
from
79%
get
79%
Jennie
79%
morning
79%
dark
76%
end
76%
be
74%
do
74%
light
74%
run
74%
Run
74%
We
74%
we
74%
feel
71%
hope
71%
Pablo
71%
friends
68%
leave
68%
night
68%
right
68%
Shut
68%
wanna
68%
bizarre
66%
Escobar
66%
never
66%
darkness
63%
day
63%
saying
63%
don't
61%
feeling
61%
fuckin
61%
I'm
61%
i'm
61%
know
61%
to
61%
what
61%
would
61%
Would
61%
come
58%
Come
58%
Kevin
58%
makes
58%
on
55%
Charisma
53%
movie
53%
star
53%
Now
50%
of
50%
shadows
50%
still
50%
time
50%
Daylight
47%
here
47%
Isn't
47%
over
47%
So
47%
sunlight
47%
turning
47%
blue
45%
Hey
45%
spectacular
45%
almost
42%
comin'
42%
has
42%
Mr
42%
too
42%
keep
39%
late
39%
pretty
39%
see
39%
view
39%
what's
39%
far
37%
they
37%
afar
34%
back
34%
moment
34%
spot
34%
this
34%
yeah
34%
ever
32%
pull
32%
let
29%
love
29%
think
29%
about
26%
caving
26%
Let's
26%
saw
26%
someone
26%
verge
26%
both
24%
But
24%
Cause
24%
I'll
24%
sleep
24%
stop
24%
dream
21%
please
21%
mean
18%
Sky
18%
won't
18%
might
16%
glowing
11%
clear
8%
got
8%
smoke
8%
teeth
8%
floor
5%
Lip-stain
5%
more
5%
blow
3%
buy
3%
bass
0%
bout
0%
needin'
0%
rim
0%
Sinking
0%
No matching quizzes found
Score Distribution
Percent of People with Each Score
Percentile by Number Answered
Your Score History
You have not taken this quiz